| 000 | 00803cam a22002174a 4500 | ||
|---|---|---|---|
| 005 | 20250605164251.0 | ||
| 008 | 250528s ||||||||||||||||||||||||d | ||
| 035 | _a21743 | ||
| 020 | _a9780470847459 | ||
| 040 |
_aGR-AtMCL _bgre _dGR-AtMCL _eAACR2 |
||
| 245 | 1 | _aCRYPTOGRAPHY AND PUBLIC KEY INFRASTRUCTURE ON THE INTERNET | |
| 250 | _a1 | ||
| 260 |
_bWiley, _c2001 |
||
| 300 | _a471 | ||
| 505 | 0 | _aWHY CRYPTOGRAPHY ON THE INTERNET THE PRINCIPLES OF CRYPTOGRAPHY ADVANCED CRYPTOGRAPHY PUBLIC KEY INFRASTRUCTURES CRYPTO PROTOCOLS FOR THE INTERNET | |
| 520 | _aWHY CRYPTOGRAPHY ON THE INTERNET THE PRINCIPLES OF CRYPTOGRAPHY ADVANCED CRYPTOGRAPHY PUBLIC KEY INFRASTRUCTURES CRYPTO PROTOCOLS FOR THE INTERNET | ||
| 700 | 1 |
_aSchmeh Klaus _97672 |
|
| 942 | _cBK | ||
| 999 |
_c6802 _d6802 |
||